01544cas a2200313 i 4500003000500000005001700005008004100022010001700063022001400080040002500094050001900119245005000138246001000188264006500198300004000263310001100303336002100314337002500335338002300360362002300383490011800406504004100524505043400565650004000999650005401039650005301093700004101146700004301187CSPC20260130153616.0010152c2022 ph ar p 0 0eng  a 2011342724 a2782-8859 aCSPCbengcCSPCerda00aJQ3751.A1bE8400aJournal of public management and development.1 aEJPMD 1aPasig City :bDevelopment Academy of the philippines,c2020. avolumes :billustrations ;c25 cm. aAnnual 2rdacontentatext 2rdamediaaunmediated 2rdacarrieravolume1 aVolume 1, Number 1 1aA journal of the Development Academy of the Philippines Graduate School of the Public and Development Management. aIncludes bibliographical references.0 aInstitutional resilience and political change: DAP's enduring mandates and reframed pursuit in public management and development -- DAP perspectives in the new society -- The polycentric resilience of the development academy of the Philippines -- People power in the Philippines: Between democratic passions and the rule of law -- Innovations in public administration through public sector productivity the Philippine experience. 0aPublic administrationvPeriodicals. 7aPolitics and government2fast0(OCoLC)fst01919741 7aPublic administration.2fast0(OCoLC)fst01081976 1aPerante-Calina, Lizan E., eeditors. 1aRebullida, Maria Lourdes G.,eeditors.